1962 1434 1981 1171 1288 1764 1696 1201 1835 1270 1338 1944 1395 1345 1480 1580 1639 1662 1169 1107 1296 1501 1922 1369 1665 1269 1604 1222 1223 1515 1497 1145 1108 1756 1642 1736 1734 1929 1940 1412 1938 1608 1895 1541 1397 1822 1151 1031 1775 1537 1650 1353 1509 1039 1580 1052 1133 1059 1490 1145 1657 1781 1934 1067 1599 1124 1876 1633 1760 1833 1123 1858 1545 1284 1519 1921 1395 1985 1514 1036 1656 1362 1639 1916 1667 1739 1633 1046 1514 1212 1760 1209 1835 1483 1244 1462 1681 1431 1819 BCNSPRNW ULIB Ver.6.0+V

เปลี่ยนเป็นภาษาไทย

Change to English
 แสดงรายละเอียดบรรณานุกรม
  กลับหน้าหลัก

Brief Record : Get Marc (ISO 2709) : E-mail record : QR code < ปิดหน้าต่าง
LEADER : 00000nam 2200000uu 4500
001    13399124797
003     ULIB
008    160324s2014||||th 000 0 eng d
020    ^a9781451190311
060 04 ^aWY86^bM142t
100 1  ^aMcEwen, Melanie,^eauthor
245 00 ^aTheoretical basis for nursing /^cMelanie McEwen, Evelyn M.Wills
250    ^a4th ed.
260    ^aPhiladelphia :^bLippincott Williams & Wilkins,^cc2014
300    ^axvi, 574 p. ;^c26 cm.
504    ^aIncludes bibliographical references and indexes
650  0 ^aNursing^xPhilosophy
650  0 ^aNursing
650  2 ^aNursing Theory
700 1  ^aWills, Evelyn M.
945    ^p1880^l0^i000346
999    ^aเกษร โพธิ์สุวรรณ
รายการนี้ยังไม่มีแท็ก
คุณยังไม่ได้ล็อกอิน คุณสามารถมีกิจกรรมร่วมกับเว็บไซต์ได้ แต่ต้องล็อกอินก่อน ::
  ล็อกอิน

รายการสื่อสารสนเทศ

ลำดับที่ ประเภท เลขเรียก/บาร์โค้ด สถานที่ สถานะ
1. Book การพยาบาล
Book การพยาบาล
WY86 M142t ฉ.1 
  Barcode: 000346
ห้องสมุดวิทยาเขตสวรรค์ประชารักษ์
►หนังสือทั่วไป
บนชั้น

รายการใกล้เคียง
    หัวเรื่อง [Nursing]
    หัวเรื่อง [Nursing Theory]

BibComment


ยังไม่เคยถูกคอมเมนท์

คอมเมนท์ทรัพยากรรายการนี้
  คอมเมนท์: Theoretical basi..


 Copyright 2026. Bcnsprnw @Library